"Обединени" държави - Statistics

General Stats
  • This quiz has been taken 225 times
  • The average score is 15 of 20
Answers on the Map
Answers color-coded by a green-red scale on the quiz's map according to % correct below.
 
Answer Stats
слети държави държава % Correct
обединени държави Канада
100%
обединени държави САЩ
100%
обединени държави Колумбия
100%
обединени държави Еквадор
100%
обединени държави Бразилия
100%
обединени държави Колумбия
100%
обединени държави Бразилия
100%
обединени държави Венецуела
100%
обединени държави Бразилия
100%
обединени държави Гаяна
100%
обединени държави Боливия
100%
обединени държави Бразилия
100%
обединени държави Аржентина
100%
обединени държави Чили
100%
обединени държави Аржентина
100%
обединени държави Боливия
100%
обединени държави Аржентина
100%
обединени държави Бразилия
100%
обединени държави Аржентина
100%
обединени държави Уругвай
100%
обединени държави Бразилия
100%
обединени държави Уругвай
100%
обединени държави Бразилия
100%
обединени държави Парагвай
100%
обединени държави Боливия
100%
обединени държави Парагвай
100%
обединени държави Аржентина
100%
обединени държави Парагвай
100%
обединени държави Индонезия
100%
обединени държави Малайзия
100%
обединени държави Мианмар
100%
обединени държави Тайланд
100%
обединени държави Камбоджа
100%
обединени държави Виетнам
100%
обединени държави Китай
100%
обединени държави Виетнам
100%
обединени държави Лаос
100%
обединени държави Виетнам
100%
обединени държави Индия
100%
обединени държави Мианмар
100%
обединени държави Лаос
100%
обединени държави Мианмар
100%
обединени държави Китай
100%
обединени държави Индия
100%
обединени държави Китай
100%
обединени държави Непал
100%
обединени държави Китай
100%
обединени държави Киргизстан
100%
обединени държави Китай
100%
обединени държави Китай
100%
обединени държави Русия
100%
обединени държави Китай
100%
обединени държави Русия
100%
обединени държави Азербайджан
100%
обединени държави Русия
100%
обединени държави Русия
100%
обединени държави Украйна
100%
обединени държави Беларус
100%
обединени държави Русия
100%
обединени държави Русия
100%
обединени държави Финландия
100%
обединени държави Русия
100%
обединени държави Естония
100%
обединени държави Индия
100%
обединени държави Непал
100%
обединени държави Афганистан
100%
обединени държави Пакистан
100%
обединени държави Казахстан
100%
обединени държави Киргизстан
100%
обединени държави Туркменистан
100%
обединени държави Узбекистан
100%
обединени държави Иран
100%
обединени държави Иран
100%
обединени държави Турция
100%
обединени държави Саудитска Арабия
100%
обединени държави ОАЕ
100%
обединени държави Египет
100%
обединени държави Судан
100%
обединени държави Египет
100%
обединени държави Либия
100%
обединени държави Либия
100%
обединени държави Судан
100%
обединени държави Либия
100%
обединени държави Нигер
100%
обединени държави Мароко
100%
обединени държави Мали
100%
обединени държави Мавритания
100%
обединени държави Кот д'Ивоар
100%
обединени държави Мали
100%
обединени държави Буркина Фасо
100%
обединени държави Мали
100%
обединени държави Мали
100%
обединени държави Нигер
100%
обединени държави Гана
100%
обединени държави Кот д'Ивоар
100%
обединени държави Нигер
100%
обединени държави Нигерия
100%
обединени държави Гана
100%
обединени държави Того
100%
обединени държави Камерун
100%
обединени държави Чад
100%
обединени държави Чад
100%
обединени държави Судан
100%
обединени държави Етиопия
100%
обединени държави Южен Судан
100%
обединени държави Южен Судан
100%
обединени държави Судан
100%
обединени държави Етиопия
100%
обединени държави Судан
100%
обединени държави Етиопия
100%
обединени държави Сомалия
100%
обединени държави ЦАР
100%
обединени държави Конго
100%
обединени държави ДР Конго
100%
обединени държави Южен Судан
100%
обединени държави Южен Судан
100%
обединени държави Уганда
100%
обединени държави Замбия
100%
обединени държави Ангола
100%
обединени държави Замбия
100%
обединени държави Ангола
100%
обединени държави Намибия
100%
обединени държави Мозамбик
100%
обединени държави Танзания
100%
обединени държави Литва
100%
обединени държави Беларус
100%
обединени държави Полша
100%
обединени държави Молдова
100%
обединени държави Украйна
100%
обединени държави Молдова
100%
обединени държави Румъния
100%
обединени държави Румъния
100%
обединени държави Чехия
100%
обединени държави Полша
100%
обединени държави Австрия
100%
обединени държави Чехия
100%
обединени държави Германия
100%
обединени държави Франция
100%
обединени държави Германия
100%
обединени държави Германия
100%
обединени държави Нидерландия
100%
обединени държави Белгия
100%
обединени държави Нидерландия
100%
обединени държави Белгия
100%
обединени държави Франция
100%
обединени държави Франция
100%
обединени държави Италия
100%
обединени държави Италия
100%
обединени държави Швейцария
100%
обединени държави Австрия
100%
обединени държави Италия
100%
обединени държави Австрия
100%
обединени държави Словения
100%
обединени държави Австрия
100%
обединени държави Унгария
100%
обединени държави Унгария
100%
обединени държави Словакия
100%
обединени държави Унгария
100%
обединени държави Румъния
100%
обединени държави Хърватия
100%
обединени държави Унгария
100%
обединени държави Босна и Херцеговина
100%
обединени държави Сърбия
100%
обединени държави Гърция
100%
обединени държави Северна Македония
100%
обединени държави Албания
100%
обединени държави Гърция
100%
обединени държави Босна и Херцеговина
100%
обединени държави Хърватия
100%
обединени държави Германия
92%
обединени държави Полша
92%
обединени държави Полша
91%
обединени държави Словакия
91%
обединени държави Китай
90%
обединени държави Мианмар
90%
обединени държави Судан
89%
обединени държави България
89%
обединени държави Румъния
89%
обединени държави Украйна
89%
обединени държави Северна Корея
88%
обединени държави Алжир
88%
обединени държави ЦАР
88%
обединени държави Южен Судан
88%
обединени държави Кения
88%
обединени държави Сомалия
88%
обединени държави Франция
88%
обединени държави Швейцария
88%
обединени държави Германия
88%
обединени държави Швейцария
88%
обединени държави Сърбия
88%
обединени държави Китай
86%
обединени държави Лаос
86%
обединени държави Китай
86%
обединени държави Пакистан
86%
обединени държави Китай
86%
обединени държави Монголия
86%
обединени държави Казахстан
86%
обединени държави Русия
86%
обединени държави Индия
86%
обединени държави Пакистан
86%
обединени държави Казахстан
86%
обединени държави Узбекистан
86%
обединени държави Иран
86%
обединени държави Ирак
86%
обединени държави Азербайджан
86%
обединени държави Иран
86%
обединени държави Грузия
86%
обединени държави Турция
86%
обединени държави Бенин
86%
обединени държави Того
86%
обединени държави ЦАР
86%
обединени държави ДР Конго
86%
обединени държави Лесото
86%
обединени държави ЮАР
86%
обединени държави Беларус
86%
обединени държави Украйна
86%
обединени държави Полша
86%
обединени държави Украйна
86%
обединени държави Австрия
86%
обединени държави Португалия
86%
обединени държави Испания
86%
обединени държави Румъния
86%
обединени държави Сърбия
86%
обединени държави Мексико
83%
обединени държави САЩ
83%
обединени държави Колумбия
83%
обединени държави Перу
83%
обединени държави Бразилия
83%
обединени държави Казахстан
83%
обединени държави Грузия
83%
обединени държави Русия
83%
обединени държави Туркменистан
83%
обединени държави Ирак
83%
обединени държави Йордания
83%
обединени държави Гвинея
83%
обединени държави Сенегал
83%
обединени държави Гвинея
83%
обединени държави Мали
83%
обединени държави Буркина Фасо
83%
обединени държави Нигер
83%
обединени държави Камерун
83%
обединени държави ЦАР
83%
обединени държави ДР Конго
83%
обединени държави Уганда
83%
обединени държави Мозамбик
83%
обединени държави ЮАР
83%
обединени държави Боливия
80%
обединени държави Перу
80%
обединени държави Индонезия
80%
обединени държави Папуа Нова Гвинея
80%
обединени държави Латвия
80%
обединени държави Иран
80%
обединени държави Афганистан
80%
обединени държави Туркменистан
80%
обединени държави Ирак
80%
обединени държави Саудитска Арабия
80%
обединени държави Оман
80%
обединени държави Саудитска Арабия
80%
обединени държави Йордания
80%
обединени държави Саудитска Арабия
80%
обединени държави Оман
80%
обединени държави Йемен
80%
обединени държави Алжир
80%
обединени държави Либия
80%
обединени държави Мавритания
80%
обединени държави Сенегал
80%
обединени държави Камерун
80%
обединени държави Конго
80%
обединени държави Кения
80%
обединени държави Танзания
80%
обединени държави Чехия
80%
обединени държави Словакия
80%
обединени държави Франция
80%
обединени държави Испания
80%
обединени държави Алжир
78%
обединени държави Мароко
78%
обединени държави Еритрея
78%
обединени държави Еритрея
78%
обединени държави Етиопия
78%
обединени държави Хондурас
75%
обединени държави Никарагуа
75%
обединени държави Бразилия
75%
обединени държави Перу
75%
обединени държави Боливия
75%
обединени държави Чили
75%
обединени държави Русия
75%
обединени държави Сирия
75%
обединени държави Турция
75%
обединени държави Либия
75%
обединени държави Тунис
75%
обединени държави Нигер
75%
обединени държави Буркина Фасо
75%
обединени държави Гана
75%
обединени държави Ангола
75%
обединени държави ДР Конго
75%
обединени държави Естония
75%
обединени държави Латвия
75%
обединени държави Беларус
75%
обединени държави Латвия
75%
обединени държави България
75%
обединени държави Ботсвана
73%
обединени държави Зимбабве
73%
обединени държави Гватемала
67%
обединени държави Хондурас
67%
обединени държави Колумбия
67%
обединени държави Венецуела
67%
обединени държави Суринам
67%
обединени държави Камбоджа
67%
обединени държави Лаос
67%
обединени държави Китай
67%
обединени държави Таджикистан
67%
обединени държави Бутан
67%
обединени държави Афганистан
67%
обединени държави Таджикистан
67%
обединени държави Ирак
67%
обединени държави Сирия
67%
обединени държави Ирак
67%
обединени държави Турция
67%
обединени държави Армения
67%
обединени държави Турция
67%
обединени държави Чад
67%
обединени държави Либия
67%
обединени държави Алжир
67%
обединени държави Мали
67%
обединени държави Кот д'Ивоар
67%
обединени държави Бенин
67%
обединени държави Нигерия
67%
обединени държави Чад
67%
обединени държави Нигер
67%
обединени държави ЦАР
67%
обединени държави Чад
67%
обединени държави Етиопия
67%
обединени държави Кения
67%
обединени държави ДР Конго
67%
обединени държави Габон
67%
обединени държави Конго
67%
обединени държави Ботсвана
67%
обединени държави Намибия
67%
обединени държави Мозамбик
67%
обединени държави Замбия
67%
обединени държави Малави
67%
обединени държави Мозамбик
67%
обединени държави Финландия
67%
обединени държави Швеция
67%
обединени държави Беларус
67%
обединени държави Гаяна
63%
обединени държави Венецуела
63%
обединени държави Лаос
63%
обединени държави Тайланд
63%
обединени държави Бангладеш
63%
обединени държави Индия
63%
обединени държави Афганистан
63%
обединени държави Иран
63%
обединени държави Еквадор
60%
обединени държави Перу
60%
обединени държави Доминиканска република
60%
обединени държави Хаити
60%
обединени държави Монголия
60%
обединени държави Пакистан
60%
обединени държави Саудитска Арабия
60%
обединени държави Йемен
60%
обединени държави Йордания
60%
обединени държави Сирия
60%
обединени държави Мали
60%
обединени държави Сенегал
60%
обединени държави ДР Конго
60%
обединени държави Конго
60%
обединени държави Замбия
60%
обединени държави Зимбабве
60%
обединени държави Норвегия
60%
обединени държави Швеция
60%
обединени държави Гватемала
57%
обединени държави Мексико
57%
обединени държави Гаяна
57%
обединени държави Суринам
57%
обединени държави Камерун
57%
обединени държави Нигерия
57%
обединени държави Киргизстан
56%
обединени държави Таджикистан
56%
обединени държави Камбоджа
50%
обединени държави Тайланд
50%
обединени държави Северна Корея
50%
обединени държави Южна Корея
50%
обединени държави Индия
50%
обединени държави Таджикистан
50%
обединени държави Узбекистан
50%
обединени държави Либерия
50%
обединени държави ЦАР
50%
обединени държави Судан
50%
обединени държави Кения
50%
обединени държави Уганда
50%
обединени държави Намибия
50%
обединени държави ЮАР
50%
обединени държави Мозамбик
50%
обединени държави Зимбабве
50%
обединени държави Ирландия
50%
обединени държави Великобритания
50%
обединени държави Албания
50%
обединени държави Северна Македония
50%
обединени държави Оман
40%
обединени държави ОАЕ
40%
обединени държави Либерия
40%
обединени държави Сиера Леоне
40%
обединени държави Гвинея
40%
обединени държави Кот д'Ивоар
40%
обединени държави Малайзия
33%
обединени държави Тайланд
33%
обединени държави Мавритания
33%
обединени държави Буркина Фасо
33%
обединени държави Кот д'Ивоар
33%
обединени държави Ботсвана
33%
обединени държави ЮАР
33%
обединени държави Латвия
33%
обединени държави Литва
33%
обединени държави Гвинея
29%
обединени държави Либерия
29%
обединени държави Чехия
25%
обединени държави Германия
25%
обединени държави Бутан
20%
обединени държави Китай
20%
обединени държави Алжир
0%
обединени държави Тунис
0%
обединени държави Алжир
0%
обединени държави Мавритания
0%
обединени държави Гвинея
0%
обединени държави Сиера Леоне
0%
обединени държави Финландия
0%
обединени държави Норвегия
0%
No matching quizzes found
Score Distribution
Percent of People with Each Score
Percentile by Number Answered
Your Score History
You have not taken this quiz